| 000 | 01056nam2a2200205 4500 | ||
|---|---|---|---|
| 001 | RU\NLR\PER_A\002701022_002910 | ||
| 005 | 20250624025411.0 | ||
| 035 | _a(NLR Aleph) 012406785 | ||
| 090 |
_a11754390 _c11754390 |
||
| 100 | _a20201118d2020 |||y0rusy50 ca | ||
| 101 | 0 | _arus | |
| 102 | _aRU | ||
| 200 | 0 | _a2020, № 7 | |
| 210 |
_d2020 _aБ. м. |
||
| 461 | 0 |
_1001RU\NLR\Per\519350 _12001#$aАптека: бухгалтерский учет и налогообложение$eжурнал$eприложение к журналу "Актуальные вопросы бухгалтерского учета и налогообложения"$v2020, № 7 _94317000 _cМосква _d2007 - _n[б. и.] _oжурнал : приложение к журналу "Актуальные вопросы бухгалтерского учета и налогообложения" _tАптека: бухгалтерский учет и налогообложение _v2020, № 7 |
|
| 852 |
_aNLR _jП22/8522 |
||
| 942 | _cISSUE | ||
| 980 | _aNB | ||
| 980 | _aRUSPER | ||